Plan de negocios. Marco conceptual. Resolución técnica (FACPCE) 49 (Registro nro. 10261)

Detalles MARC
000 -LEADER
fixed length control field 00398 a2200121 4500
001 - CONTROL NUMBER
control field ART_48337
005 - DATE AND TIME OF LATEST TRANSACTION
control field 20260410161607.0
008 - FIXED-LENGTH DATA ELEMENTS--GENERAL INFORMATION
fixed length control field 260409a
100 1# - MAIN ENTRY--PERSONAL NAME
Personal name Faccendini, Yanina C.
245 10 - TITLE STATEMENT
Title Plan de negocios. Marco conceptual. Resolución técnica (FACPCE) 49
700 1# - ADDED ENTRY--PERSONAL NAME
Personal name Oubiña, Gabriel H.
773 0# - HOST ITEM ENTRY
Title Profesional & Empresaria
Related parts - Año XX, Nº 233 (feb. 2019)
Record control number REV70

No hay ítems disponibles.